Tres estudios históricos /

Esta publicación es un homenaje de la municipalidad de Santiago de Chile a Toribio Medina en el centenario de su nacimento, por este motivo se presentan tres estudios de Medina, el primero relacionado con el descubrimiento y la conquista de la ciudad de Santiago, y los dos últimos, con la Independen...

Popoln opis

Shranjeno v:
Bibliografske podrobnosti
Glavni avtor: Toribio Medina, José (autor)
Format: Knjiga
Jezik:španščina
Teme:
Oznake: Označite
Brez oznak, prvi označite!

MARC

LEADER 00000nam^a2200000^a^4500
001 000136007
005 20250521000000.0
009 20260310095304.757
037 |a Acervo ITESO - Biblioteca 
041 |a ESP 
082 |a 983.  |b TOR 
100 |a Toribio Medina, José  |e (autor) 
245 1 0 |a Tres estudios históricos /  |c J. Toribio Medina. 
264 |a Santiago, Chile :  |b edición de autor,  |c 1952 
300 |a 32 p. 
336 |a texto  |b txt  |2 rdacontenido 
337 |a sin mediación  |b n  |2 rdamedio 
338 |a volumen  |b nc  |2 rdasoporte 
520 |a Esta publicación es un homenaje de la municipalidad de Santiago de Chile a Toribio Medina en el centenario de su nacimento, por este motivo se presentan tres estudios de Medina, el primero relacionado con el descubrimiento y la conquista de la ciudad de Santiago, y los dos últimos, con la Independencia de Chile. 
649 |a XX 
650 |a Heráldica -  |z Santiago, Chile 
650 |a Santiago, Chile -  |x Historia -  |y Descubrimiento y Conquista, 1520-1560 
650 |a Chile -  |x Historia -  |y Descubrimiento y Conquista, 1520-1560 
650 |a Chile -  |x Historia -  |y Guerra de Independencia, 1810-1818 
650 |a Chile -  |x Historia -  |y Epoca Colonial, 1560-1818 
910 |a Fondo Salvador Reynoso Reynoso 
920 |a Impresos - Libros 
930 |a Fondos Especiales 
905 |a 112 
901 |a 0800013876  |b IT2  |c ESP  |u 20250521 
902 |a https://opac.biblio.iteso.mx/vufind/Record/000136007